|
|
|
|
| LEADER |
00000cam a2200000 7i4500 |
| 001 |
0000039448 |
| 005 |
20131224.0 |
| 008 |
131224 |
| 020 |
|
|
|a 9832311225
|
| 090 |
0 |
0 |
|a 658.45
|b ABD
|
| 100 |
0 |
|
|a Abdullah Hassan
|
| 245 |
1 |
0 |
|a Komunikasi di tempat kerja
|c Abdullah Hassan & Ainon Mohd
|
| 260 |
|
|
|a Pahang :
|b PTS Publications & Distributors Sdn. Bhd ,
|c 2004
|
| 440 |
|
|
|a Siri komunikasi
|
| 650 |
|
0 |
|a Communication
|
| 650 |
|
0 |
|a Communication in management
|
| 650 |
|
0 |
|a Communication in organization
|
| 999 |
|
|
|a 0000890368
|b Book
|c Adult Collection
|e Cawangan Kota Tinggi
|
| 999 |
|
|
|a 0000892996
|b Book
|c Adult Collection
|e Cawangan Bandar Penawar
|
| 999 |
|
|
|a 0001257799
|b Book
|c Adult Collection
|e Perbadanan Perpustakaan Awam Johor
|